00375nam a2200133Ia 4500003000400000005001700004008004100021040000900062082001900071100002800090245007000118260004400188300000900232OSt20200622141950.0190216s9999||||xx |||||||||||||| ||und|| coclc a954.025bQUR/A aQureshi, Ishtiaq Husain 4aThe Administration Of The Mughal Empire /cIshtiaq Husain Qureshi bLow Price Publications, c1990.aDelhi: a340p